[Event "Gaylord (NMO/2/9)"]
[Site "?"]
[Date "1995.??.??"]
[Round "?"]
[White "Blanchard, Robert"]
[Black "Crysler, Jerry"]
[Result "0-1"]
[WhiteElo "1660"]
[BlackElo "1605"]
[PlyCount "110"]
[EventDate "1995.??.??"]

{2/(9)} 1. e4 e6 2. d4 d6 3. Nf3 Ne7 4. c4 Ng6 5. Nc3 Be7 6. Bd3 O-O 7. O-O Nd7
8. Qe2 e5 9. Be3 c5 10. dxc5 Nxc5 11. h3 Nxd3 12. Qxd3 Be6 13. Nd5 Bxd5 14.
cxd5 Nf4 15. Qd2 Bg5 16. Kh2 f5 17. exf5 Rxf5 18. Nxg5 Qxg5 19. g3 Raf8 20. Rg1
Qh5 21. Bxf4 exf4 22. gxf4 Rxf4 23. Rg2 Rf3 24. Kg1 Rxh3 25. Kf1 Rh1+ 26. Rg1
Qh3+ 27. Ke2 Qf3+ 28. Kf1 Qh3+ 29. Ke2 Re8+ 30. Qe3 Rxe3+ 31. fxe3 Rxg1 32.
Rxg1 Qh5+ 33. Kf2 Qxd5 34. a3 Qd2+ 35. Kf3 Qxb2 36. Rg2 Qxa3 37. Kf4 h6 38. e4
Qc5 39. Re2 a5 40. e5 Qxe5+ 41. Rxe5 dxe5+ 42. Kxe5 a4 43. Kd4 h5 44. Kc4 b5+
45. Kxb5 a3 46. Kb4 a2 47. Kb3 a1=Q 48. Kc4 Qb1 49. Kd4 h4 50. Ke3 Qf1 51. Ke4
h3 52. Ke5 h2 53. Kd5 h1=Q+ 54. Ke5 Qd3 55. Ke6 Qhe4# 0-1

[Event "East Lansing (MOR/1b/11)"]
[Site "?"]
[Date "1995.??.??"]
[Round "?"]
[White "Blanchard, Robert"]
[Black "Crysler, Jerry"]
[Result "1-0"]
[WhiteElo "1645"]
[BlackElo "1605"]
[PlyCount "155"]
[EventDate "1995.??.??"]

1. e4 d6 2. d4 e6 3. c4 Nc6 4. Nf3 Nf6 5. Nc3 Be7 6. Bd3 O-O 7. O-O Bd7 8. a3
Ng4 9. h3 Nf6 10. Be3 Nh5 11. Nh2 g6 12. b4 Bf6 13. Be2 Ng7 14. Rc1 e5 15. d5
Nd4 16. Nf3 Nxe2+ 17. Qxe2 Nh5 18. c5 Nf4 19. Qd2 Bg5 20. Nxg5 Qxg5 21. Bxf4
exf4 22. Kh2 Qe5 23. g3 fxg3+ 24. fxg3 Qh5 25. Qg2 Rae8 26. Rf2 dxc5 27. bxc5
c6 28. Rcf1 Qe5 29. Qf3 cxd5 30. exd5 Qd4 31. Rd1 Qxc5 32. Qf6 Qxa3 33. Rdf1
Re3 34. Rf3 Rxf3 35. Rxf3 Qb2+ 36. Rf2 Qb6 37. Qf4 a5 38. Ne4 Bf5 39. Nd6 Qc7
40. g4 Bc8 41. Kg1 b6 42. Qf6 Ba6 43. h4 Qc1+ 44. Kh2 Qc7 45. Kg1 Bc8 46. Rf4
Qc1+ 47. Rf1 Qc5+ 48. Kh2 Qxd5 49. Nf5 Bxf5 50. gxf5 Qd2+ 51. Kg1 Qe3+ 52. Kg2
Rc8 53. Rf3 Qe2+ 54. Kg3 Qe1+ 55. Kh3 Qh1+ 56. Kg3 h5 57. fxg6 Qg1+ 58. Kh3
Qg4+ 59. Kh2 Rc2+ 60. Rf2 Rxf2+ 61. Qxf2 Qxg6 62. Qd4 Kh7 63. Qd8 a4 64. Qe7 b5
65. Qb4 Qc6 66. Kg1 Qc4 67. Qb1+ Kg8 68. Qe1 Qxh4 69. Qxh4 a3 70. Qb4 a2 71.
Qb2 Kf8 72. Qxa2 Ke7 73. Qa5 f5 74. Qxb5 Kf6 75. Kh2 Kg5 76. Kh3 Kf4 77. Kh4
Ke3 78. Qxf5 1-0

[Event "Eastpointe (MCO/5/27)"]
[Site "?"]
[Date "1995.??.??"]
[Round "?"]
[White "Blake, J."]
[Black "Renauer, D."]
[Result "1-0"]
[WhiteElo "1770"]
[BlackElo "1605"]
[PlyCount "69"]
[EventDate "1995.??.??"]

{5/(27)} 1. e4 b6 2. d4 Bb7 3. Bd3 e6 4. f4 Nf6 5. Qe2 c5 6. c3 Nc6 7. Nf3 Be7
8. a3 d5 9. e5 Nd7 10. O-O O-O 11. Be3 Qc7 12. Nbd2 f6 13. Rac1 fxe5 14. fxe5
a5 15. Bg5 Qd8 16. Be3 Qc8 17. Rf2 Ba6 18. c4 dxc4 19. Nxc4 b5 20. Nd6 Bxd6 21.
Bxh7+ Kf7 22. Ng5+ Ke7 23. exd6+ Kxd6 24. Bf4+ e5 25. dxe5+ Ncxe5 26. Rd1+ Kc6
27. Be4+ Kb6 28. Bxa8 Qxa8 29. Bxe5 Rxf2 30. Kxf2 Qf8+ 31. Kg3 Bc8 32. Rd6+ Ka7
33. Nf3 Nxe5 34. Qxe5 Bb7 35. Qxc5+ 1-0

[Event "Eastpointe (MCO/1/31)"]
[Site "?"]
[Date "1995.??.??"]
[Round "?"]
[White "Blake, J."]
[Black "Floyd, J."]
[Result "1-0"]
[WhiteElo "1770"]
[BlackElo "1605"]
[PlyCount "107"]
[EventDate "1995.??.??"]

{1/(31)} 1. e4 e5 2. Nf3 Nc6 3. Bc4 Nf6 4. Ng5 d5 5. exd5 Nxd5 6. Nxf7 Kxf7 7.
Qf3+ Ke8 8. Bxd5 Qf6 9. Bxc6+ Qxc6 10. Qxc6+ bxc6 11. d3 Bb7 12. Be3 c5 13. f3
Bd6 14. Nd2 Rb8 15. O-O-O Kd7 16. Kb1 h6 17. Ne4 Bxe4 18. dxe4 Kc6 19. Rd5 Rb5
20. c4 Rb7 21. Kc2 Rhb8 22. Bc1 a5 23. Rhd1 Rb4 24. b3 a4 25. R1d3 axb3+ 26.
axb3 R4b6 27. Bb2 Re8 28. Rd1 Kd7 29. Rxc5 Ke6 30. Ra5 c5 31. Rd5 Kf6 32. f4
Rc6 33. Rb5 g5 34. g3 Re6 35. Kd3 h5 36. h4 gxf4 37. gxf4 Rc8 38. fxe5+ Bxe5
39. Bxe5+ Rxe5 40. Rb6+ Re6 41. Rxe6+ Kxe6 42. Rxh5 Rg8 43. Rxc5 Rg3+ 44. Kd4
Rxb3 45. Rh5 Rb8 46. Rh6+ Kf7 47. c5 Ke7 48. c6 Rb6 49. Kc5 Rb1 50. Rh7+ Kd8
51. c7+ Kc8 52. h5 Rc1+ 53. Kd6 Rd1+ 54. Ke6 1-0

[Event "Troy (TCC Res/4/19)"]
[Site "?"]
[Date "1995.??.??"]
[Round "?"]
[White "Biondo, Anthony"]
[Black "O'Dell, Ray"]
[Result "0-1"]
[WhiteElo "1605"]
[BlackElo "1605"]
[PlyCount "136"]
[EventDate "1995.??.??"]

{4/(19)} 1. e4 e5 2. Nf3 d6 3. Nc3 Nf6 4. d4 a6 5. d5 Bg4 6. Be2 Be7 7. h3 Bh5
8. g4 Bg6 9. Bg5 Nxe4 10. Bxe7 Qxe7 11. Nxe4 Bxe4 12. Qd2 c6 13. dxc6 Nxc6 14.
Rf1 O-O 15. O-O-O Rad8 16. Qe3 Bxf3 17. Bxf3 h6 18. Qc3 Nd4 19. Kb1 Nxf3 20.
Qxf3 e4 21. Rfe1 Rfe8 22. Qe3 d5 23. f3 a5 24. fxe4 Qxe4 25. Qxe4 dxe4 26. Rxd8
Rxd8 27. a3 Re8 28. h4 Kh7 29. h5 g5 30. Kc1 e3 31. c3 b5 32. Kc2 Re4 33. Kd3
Rxg4 34. Rxe3 Rh4 35. Re5 g4 36. Re4 f5 37. Rf4 Rxh5 38. c4 bxc4+ 39. Kxc4 Kg6
40. b4 Kg5 41. Rf1 axb4 42. axb4 f4 43. b5 g3 44. b6 Rh2 45. Kc3 Re2 46. b7 Re8
47. Kc4 Rb8 48. Rb1 g2 49. Kc5 Rxb7 50. Rxb7 g1=Q+ 51. Kc6 Qg2+ 52. Kc7 Qxb7+
53. Kxb7 f3 54. Kc6 f2 55. Kd5 f1=Q 56. Kd4 Kf4 57. Kd5 Qf3+ 58. Ke6 Qb3+ 59.
Kd6 Kf5 60. Ke7 Qe6+ 61. Kf8 h5 62. Kg7 Qf6+ 63. Kg8 h4 64. Kh7 h3 65. Kg8 Qe6+
66. Kg7 h2 67. Kh7 h1=Q+ 68. Kg7 Qhh6# 0-1

[Event "Troy (TCC Res/4/13)"]
[Site "?"]
[Date "1995.??.??"]
[Round "?"]
[White "Biondo, Albert"]
[Black "Johnson, D."]
[Result "0-1"]
[WhiteElo "1605"]
[BlackElo "1780"]
[PlyCount "94"]
[EventDate "1995.??.??"]

{4/(13)} 1. e4 c5 2. d4 cxd4 3. Qxd4 Nc6 4. Qc4 Nf6 5. Nf3 d6 6. Qa4 Bd7 7. Nc3
g6 8. Bf4 a6 9. Qb3 Na5 10. Qa3 Rc8 11. b4 Nc6 12. Qb2 Bg7 13. Bc4 Nxe4 14.
Bxf7+ Kxf7 15. Qb3+ Be6 16. Qb2 Bxc3+ 17. Qxc3 Nxc3 18. Ng5+ Kf6 19. O-O Ne2+
20. Kh1 Nxf4 21. Ne4+ Kg7 22. Rae1 Bc4 23. Rg1 Nd4 24. h3 e5 25. Kh2 Qh4 26.
Ng3 Bd5 27. c3 Nxh3 28. gxh3 Nf3+ 29. Kg2 Nxe1+ 30. Kf1 Bf3 31. Nf5+ Kf7 32.
Nxh4 Rxc3 33. Rg3 e4 34. Kxe1 Rd3 35. Nxf3 exf3 36. Rxf3+ Rxf3 37. Ke2 Ra3 38.
h4 Re8+ 39. Kf1 Rxa2 40. h5 Ree2 41. Kg2 Rxf2+ 42. Kg3 gxh5 43. b5 Rfb2 44.
bxa6 Rb3+ 45. Kf4 Kf6 46. Ke4 Ra4+ 47. Kd5 Rd3# 0-1

[Event "Troy (TCC Res/2/14)"]
[Site "?"]
[Date "1995.??.??"]
[Round "?"]
[White "Biondo, Albert"]
[Black "Cischke, J."]
[Result "1-0"]
[WhiteElo "1605"]
[BlackElo "1605"]
[PlyCount "39"]
[EventDate "1995.??.??"]

{2/(14)} 1. c4 e5 2. d4 exd4 3. Qxd4 Nc6 4. Qf4 Nf6 5. e4 Bb4+ 6. Bd2 O-O 7. a3
Re8 8. Bd3 Bxd2+ 9. Nxd2 d5 10. Ne2 dxe4 11. Bxe4 Nxe4 12. Nxe4 Nd4 13. Rc1
Nxe2 14. Kxe2 Qd4 15. Kf3 Qxb2 16. Rhe1 Qxa3+ 17. Rc3 Qxc3+ 18. Nxc3 Rxe1 19.
Qxc7 a5 20. Qd8+ 1-0

[Event "Troy (US Am N/3/22)"]
[Site "?"]
[Date "1995.??.??"]
[Round "?"]
[White "Bezrutch, B."]
[Black "McGrath, Michael"]
[Result "0-1"]
[WhiteElo "1605"]
[BlackElo "1750"]
[PlyCount "84"]
[EventDate "1995.??.??"]

{3/(22)} 1. e4 d5 2. exd5 Nf6 3. Nc3 Bg4 4. Be2 Bxe2 5. Ngxe2 Nxd5 6. O-O Nc6
7. d4 e6 8. Ne4 Be7 9. c3 O-O 10. N2g3 Bd6 11. Qh5 Nf4 12. Qf3 Ng6 13. Nh5 Qh4
14. Nhg3 h6 15. Nxd6 cxd6 16. Ne2 d5 17. Nf4 Nce7 18. Nxg6 Nxg6 19. Bd2 b5 20.
Rae1 Rfe8 21. Qd3 a6 22. f4 Ne7 23. Re3 Nf5 24. Rh3 Qe7 25. Qf3 Nd6 26. Qg4 f5
27. Qg6 Kf8 28. Be1 Qf7 29. Qg3 Ne4 30. Qe3 Ke7 31. Qe2 Rh8 32. Qc2 g5 33. Qb3
g4 34. Re3 Rhg8 35. Qb4+ Kd7 36. Re2 Qh5 37. h4 g3 38. Bxg3 Qxe2 39. Re1 Qc4
40. Qa5 Kc6 41. b4 Nxc3 42. Rc1 Ne2+ 0-1

[Event "Troy (TCC Res/3/8)"]
[Site "?"]
[Date "1995.??.??"]
[Round "?"]
[White "Bezrutch, B."]
[Black "Kinney, G."]
[Result "1-0"]
[WhiteElo "1605"]
[BlackElo "1745"]
[PlyCount "120"]
[EventDate "1995.??.??"]

{3/(8)} 1. e4 c6 2. Nf3 d5 3. d3 dxe4 4. dxe4 Qxd1+ 5. Kxd1 Bg4 6. Nc3 e5 7. a3
Bc5 8. Ke2 Nf6 9. h3 Bh5 10. Be3 Bxe3 11. Kxe3 Nbd7 12. Rd1 O-O-O 13. Bc4 Nc5
14. g4 Bg6 15. Ng5 Rhf8 16. Rxd8+ Kxd8 17. Rd1+ Kc7 18. b4 Ncd7 19. Rd2 h6 20.
Nf3 Ne8 21. Nh4 Nd6 22. Bb3 Bh7 23. f3 Nb6 24. a4 Rd8 25. Rd1 Nbc4+ 26. Ke2 Nb2
27. Rd2 Ndc4 28. Rxd8 Kxd8 29. Ng2 a6 30. Ne1 b5 31. axb5 axb5 32. Nd3 Nxd3 33.
Kxd3 Nd6 34. Nd1 g6 35. Ne3 f5 36. exf5 gxf5 37. Kd2 f4 38. Nd1 e4 39. fxe4
Nxe4+ 40. Ke2 Ng5 41. Nf2 Kd7 42. h4 Ne4 43. Nh3 Nf6 44. Kf3 Nd5 45. Bxd5 cxd5
46. c3 Ke6 47. Kxf4 Be4 48. g5 hxg5+ 49. Nxg5+ Kf6 50. Nxe4+ dxe4 51. Kxe4 Kg6
52. Kd5 Kh5 53. Kc5 Kxh4 54. Kxb5 Kg5 55. c4 Kf6 56. Kc6 Ke6 57. c5 Ke7 58. Kc7
Ke6 59. b5 Kd5 60. c6 Ke5 1-0

[Event "Troy (TCC Res/1/6)"]
[Site "?"]
[Date "1995.??.??"]
[Round "?"]
[White "Bezrutch, B."]
[Black "Herron, J."]
[Result "0-1"]
[WhiteElo "1605"]
[BlackElo "1730"]
[PlyCount "114"]
[EventDate "1995.??.??"]

{1/(6)} 1. e4 g6 2. Nf3 Bg7 3. d4 d6 4. Nbd2 Nf6 5. Bd3 O-O 6. O-O Bg4 7. Re1
Nc6 8. c3 e5 9. d5 Ne7 10. h3 Bd7 11. Nb3 Ne8 12. Bg5 h6 13. Bd2 f5 14. Qc2 Nf6
15. c4 b6 16. Nh4 f4 17. Kh2 Kh7 18. Rg1 Nh5 19. Be2 Bf6 20. Bxh5 Bxh4 21. g3
fxg3+ 22. fxg3 Rf2+ 23. Rg2 Rxg2+ 24. Kxg2 gxh5 25. gxh4 Ng6 26. Qd3 Qxh4 27.
Rf1 Nf4+ 28. Bxf4 exf4 29. e5+ Kh8 30. e6 Rg8+ 31. Kh2 Be8 32. Qd4+ Kh7 33.
Qxf4 Rg4 34. Qf3 Bg6 35. Rg1 Rf4 36. Qg3 Rf2+ 37. Rg2 Rxg2+ 38. Qxg2 Qf4+ 39.
Kg1 Qxc4 40. e7 Qd3 41. Nd2 Qe3+ 42. Qf2 Qxf2+ 43. Kxf2 Kg7 44. Nf3 Kf7 45. Nd4
Be4 46. Nb5 Kxe7 47. Nxc7 Kd7 48. Ne6 Bxd5 49. Nf4 Bxa2 50. Nxh5 Ke6 51. Ke3
Ke5 52. h4 d5 53. Ng3 Bc4 54. Kd2 Kf4 55. Nh5+ Kg4 56. Nf6+ Kxh4 57. Kc3 Kg5
0-1

[Event "Troy (US Am N/1/14)"]
[Site "?"]
[Date "1995.??.??"]
[Round "?"]
[White "Bezrutch, B."]
[Black "Golonka, Stan"]
[Result "0-1"]
[WhiteElo "1605"]
[BlackElo "1965"]
[PlyCount "86"]
[EventDate "1995.??.??"]

{1/(14)} 1. e4 c5 2. Nf3 Nc6 3. d4 cxd4 4. Nxd4 e5 5. Nf3 Nf6 6. Bc4 Bb4+ 7. c3
Be7 8. Bg5 O-O 9. Qd3 d6 10. O-O Qb6 11. b3 Na5 12. Nbd2 Nxc4 13. Nxc4 Qc6 14.
Rfe1 Rd8 15. Rad1 Be6 16. Ne3 h6 17. Bxf6 Bxf6 18. Nd5 Bxd5 19. Qxd5 Rac8 20.
Re2 Qxd5 21. exd5 Rxc3 22. g3 Rdc8 23. Kg2 Bd8 24. Rdd2 f5 25. Nxe5 dxe5 26.
Rxe5 Bf6 27. Rxf5 Rc2 28. Rd3 Rxa2 29. d6 Rd8 30. d7 Rc2 31. Rfd5 Rc3 32. Rd2
Rxb3 33. Re2 Kf7 34. h4 Rb2 35. Re4 Rc2 36. Re1 Rc7 37. Red1 a5 38. f4 a4 39.
Kh3 a3 40. R5d2 b5 41. Kg4 b4 42. Kh5 b3 43. g4 g6+ 0-1

[Event "Troy (TCC Res/4/5)"]
[Site "?"]
[Date "1995.??.??"]
[Round "?"]
[White "Bezrutch, B."]
[Black "Ashton, Jeff"]
[Result "1-0"]
[WhiteElo "1605"]
[BlackElo "1615"]
[PlyCount "105"]
[EventDate "1995.??.??"]

{4/(5)} 1. e4 c5 2. Nf3 Nc6 3. d4 cxd4 4. Nxd4 g6 5. Nc3 Bg7 6. Be3 Nf6 7. h3
O-O 8. Bc4 Qa5 9. O-O a6 10. Nf3 Rd8 11. Qc1 e6 12. Bh6 Bh8 13. Re1 d5 14. exd5
Nxd5 15. Nxd5 exd5 16. Bb3 Nd4 17. Nxd4 Bxd4 18. c3 Bg7 19. Bxg7 Kxg7 20. Qd2
Be6 21. Qd4+ Kg8 22. Rad1 Rac8 23. Re5 Rc7 24. Rd3 Rcd7 25. Rg3 b6 26. Rh5 Qc5
27. Qh4 Qe7 28. Rxh7 Qxh4 29. Rxh4 Bf5 30. Rd4 Be4 31. Re3 a5 32. a3 Kg7 33.
Re1 Bf5 34. Red1 Be6 35. f3 f6 36. Kf2 Kf7 37. Kg3 g5 38. f4 Kg6 39. Bc2+ Kh5
40. Rf1 Rg7 41. fxg5 Rxg5+ 42. Kh2 f5 43. Rdf4 Rdg8 44. R1f2 Kg6 45. g4 Kh6 46.
Bxf5 Bf7 47. Bd3 Be8 48. Rf6+ Kg7 49. Rxb6 Rh8 50. Rb7+ Kg8 51. Re7 Bc6 52. Bf5
Kf8 53. Rc7 1-0

[Event "East Lansing (Beg/2/12)"]
[Site "?"]
[Date "1995.??.??"]
[Round "?"]
[White "Bentley, S."]
[Black "Hogarth, Frank"]
[Result "1-0"]
[WhiteElo "1605"]
[BlackElo "1605"]
[PlyCount "29"]
[EventDate "1995.??.??"]

{2/(12)} 1. Nf3 Nf6 2. Nc3 Nc6 3. e4 e5 4. d3 Bc5 5. Bg5 h6 6. Bh4 O-O 7. Nd5
Re8 8. Nd2 d6 9. Qf3 Ne7 10. Nxf6+ gxf6 11. Qg3+ Ng6 12. d4 Bxd4 13. Bc4 c6 14.
Qxg6+ Kf8 15. Qxf7# 1-0

[Event "East Lansing (Beg/4/14)"]
[Site "?"]
[Date "1995.??.??"]
[Round "?"]
[White "Bentley, S."]
[Black "Crist, Kevin"]
[Result "1-0"]
[WhiteElo "1605"]
[BlackElo "1605"]
[PlyCount "59"]
[EventDate "1995.??.??"]

{4/(14)} 1. g3 Nf6 2. Bg2 d5 3. Nf3 e6 4. O-O Bd7 5. d4 Bb5 6. Nc3 Ba6 7. Ne5
Bd6 8. Bf4 Qe7 9. Qc1 Nh5 10. Bg5 f6 11. f4 h6 12. Ng6 Qd8 13. Nxh8 hxg5 14.
fxg5 fxg5 15. Rf7 Nc6 16. Qe3 e5 17. Nxd5 Nxd4 18. Raf1 Nxe2+ 19. Qxe2 Bxe2 20.
R1f2 Bc4 21. Ng6 Bc5 22. Nxc7+ Qxc7 23. Rxc7 b6 24. Bxa8 Bxa2 25. Bc6+ Kd8 26.
Rd7+ Kc8 27. Ne7+ Bxe7 28. Rxe7 Kd8 29. Rxa7 Bc4 30. Rf8# 1-0

[Event "Troy (TCC/4/7)"]
[Site "?"]
[Date "1995.??.??"]
[Round "?"]
[White "Benovsky, P."]
[Black "Rutkofske, Lonnie"]
[Result "1-0"]
[WhiteElo "2025"]
[BlackElo "1915"]
[PlyCount "97"]
[EventDate "1995.??.??"]

{4/(7)} 1. e4 e6 2. d4 d5 3. e5 c5 4. c3 Bd7 5. Nf3 Nc6 6. a3 cxd4 7. cxd4 Nge7
8. Bd3 Ng6 9. O-O Qb6 10. Bc2 Be7 11. Nc3 Rc8 12. Rb1 O-O 13. Bg5 Qd8 14. Be3
a6 15. Ne1 f5 16. f4 Be8 17. Nd3 Na5 18. g3 b5 19. Ne2 Nc4 20. Bf2 Qc7 21. Nc5
Qc6 22. Qd3 Bf7 23. Rfc1 Rfd8 24. Bd1 Bxc5 25. dxc5 Na5 26. Nd4 Qe8 27. Qd2 Nc6
28. b4 Nge7 29. a4 Nxd4 30. Bxd4 Nc6 31. axb5 axb5 32. Be2 Rb8 33. Ra1 Qd7 34.
Ra6 Rb7 35. Bf2 Rdb8 36. Rca1 Be8 37. Ra8 Rxa8 38. Rxa8 Ra7 39. Rxa7 Qxa7 40.
Bxb5 Nxe5 41. Qe2 Qa1+ 42. Kg2 Bxb5 43. Qxb5 Ng6 44. Qb8+ Kf7 45. c6 Qb1 46.
Qa7+ Ne7 47. c7 Qe4+ 48. Kh3 Qf3 49. c8=Q 1-0

[Event "Troy (TCC/5/6)"]
[Site "?"]
[Date "1995.??.??"]
[Round "?"]
[White "Benovsky, P."]
[Black "Grossman, Jay"]
[Result "1/2-1/2"]
[WhiteElo "2025"]
[BlackElo "1905"]
[PlyCount "61"]
[EventDate "1995.??.??"]

{5/(6)} 1. e4 c5 2. c3 d5 3. exd5 Qxd5 4. d4 cxd4 5. Qxd4 Qxd4 6. cxd4 Nf6 7.
Nc3 a6 8. Nf3 Nc6 9. Bc4 Bg4 10. Be3 e6 11. Ne5 Bb4 12. Nxc6 bxc6 13. O-O O-O
14. a3 Be7 15. f3 Bf5 16. Na4 Nd5 17. Bf2 Rfb8 18. b4 a5 19. Bxd5 cxd5 20. bxa5
Rxa5 21. Nc5 Rba8 22. Rfc1 Rxa3 23. Rxa3 Rxa3 24. h4 h5 25. Nd7 Bd6 26. Ne5
Bxe5 27. dxe5 Bd3 28. Rd1 Bc4 29. Bd4 Rd3 30. Rxd3 Bxd3 31. Kf2 1/2-1/2

[Event "Troy (TCC/2/3)"]
[Site "?"]
[Date "1995.??.??"]
[Round "?"]
[White "Benovsky, P."]
[Black "Brooks, John"]
[Result "0-1"]
[WhiteElo "2025"]
[BlackElo "2185"]
[PlyCount "64"]
[EventDate "1995.??.??"]

{2/(3)} 1. e4 c5 2. c3 d5 3. e5 d4 4. cxd4 cxd4 5. Nf3 a6 6. Bc4 e6 7. O-O Nc6
8. d3 Nge7 9. Nbd2 Ng6 10. Re1 b5 11. Bb3 Bb4 12. a3 Ba5 13. Ba2 Bb7 14. b4 Bc7
15. Nb3 Ngxe5 16. Bb2 Ra7 17. Nfxd4 Qg5 18. Nxe6 fxe6 19. Nc5 Nd4 20. Nxb7
Ndf3+ 21. Kh1 Nxe1 22. Qxe1 Rxb7 23. d4 Nd3 24. Qxe6+ Kd8 25. Qc6 Rb6 26. Qa8+
Bb8 27. Bc3 Nxf2+ 28. Kg1 Qe3 29. Qd5+ Rd6 30. Qe5 Nh3+ 31. Kh1 Qg1+ 32. Rxg1
Nf2# 0-1

[Event "Eastpointe (EDO/5/11)"]
[Site "?"]
[Date "1995.??.??"]
[Round "?"]
[White "Belleau, A."]
[Black "Gentry, Loyd"]
[Result "0-1"]
[WhiteElo "1605"]
[BlackElo "1605"]
[PlyCount "92"]
[EventDate "1995.??.??"]

{5/(11)} 1. e4 c5 2. c3 g6 3. d4 cxd4 4. cxd4 Bg7 5. Nf3 d6 6. Nc3 Nc6 7. Bc4
Bd7 8. Qb3 e6 9. Qd1 Nge7 10. O-O Rc8 11. Nb5 O-O 12. Nxd6 Rc7 13. e5 Nc8 14.
Nxc8 Rxc8 15. Bg5 Ne7 16. Bxe7 Qxe7 17. Rc1 Bc6 18. Be2 Bh6 19. Rb1 Rfd8 20.
Qe1 Be4 21. Ra1 Rc2 22. Bd1 Bxf3 23. Bxc2 Qg5 24. g3 Rxd4 25. Qe3 Qxe3 26. fxe3
Bxe3+ 27. Rf2 Rd2 28. Raf1 Rxc2 29. h4 Rxf2 30. Rxf2 Bxf2+ 31. Kxf2 Bd5 32. b3
Kf8 33. Ke3 Ke7 34. Kd4 f6 35. g4 f5 36. gxf5 gxf5 37. Ke3 h5 38. Kf4 a5 39.
Kg5 Kf7 40. Kxh5 f4 41. Kg4 f3 42. Kg3 Kg6 43. a3 b5 44. b4 axb4 45. axb4 Kh5
46. Kf2 Kxh4 0-1

[Event "Jackson (Prison m)"]
[Site "?"]
[Date "1995.??.??"]
[Round "?"]
[White "Bell, W."]
[Black "Pecot, Dave"]
[Result "1/2-1/2"]
[WhiteElo "1605"]
[BlackElo "1605"]
[PlyCount "120"]
[EventDate "1995.??.??"]

1. e4 e5 2. Nf3 Nc6 3. Bc4 Bc5 4. Nc3 Nf6 5. d3 d6 6. Bg5 Bb4 7. a3 Bxc3+ 8.
bxc3 O-O 9. O-O a6 10. a4 Be6 11. Bb3 Na5 12. d4 Qe7 13. dxe5 dxe5 14. Nxe5
Bxb3 15. cxb3 Rad8 16. Nd3 Qxe4 17. Bxf6 Rxd3 18. Qc2 Re8 19. Bd4 b6 20. f3 Qe2
21. Rf2 Qxc2 22. Rxc2 Nxb3 23. Rb1 Nxd4 24. cxd4 Re7 25. Rxb6 f6 26. Rxa6 Rxd4
27. a5 Kf7 28. Rcc6 Red7 29. Ra7 R4d6 30. Rcxc7 Ke6 31. Rxd7 Rxd7 32. Ra8 Kd6
33. a6 Kc6 34. Kf2 Kb6 35. Ke3 Re7+ 36. Kf4 Re2 37. Kg3 Ra2 38. Rg8 g6 39. Rg7
Rxa6 40. Rxh7 Ra7 41. Rh6 Rg7 42. Kf4 Kc6 43. h4 Kd6 44. g4 Ke6 45. h5 gxh5 46.
gxh5 Rg5 47. Rh7 Rf5+ 48. Kg4 Rg5+ 49. Kh4 Rf5 50. Kg3 Rg5+ 51. Kf2 Ke5 52. Rh8
Kf4 53. Rf8 Rxh5 54. Rxf6+ Rf5 55. Rxf5+ Kxf5 56. Ke3 Ke5 57. f4+ Kf5 58. Kf3
Kf6 59. Ke4 Ke6 60. f5+ Kf6 1/2-1/2

[Event "East Lansing (Beg/5/11)"]
[Site "?"]
[Date "1995.??.??"]
[Round "?"]
[White "Belill, V."]
[Black "Davis, T."]
[Result "1-0"]
[WhiteElo "1605"]
[BlackElo "1605"]
[PlyCount "53"]
[EventDate "1995.??.??"]

{5/(11)} 1. d4 d5 2. Nc3 Nf6 3. Nf3 Nc6 4. Bg5 h6 5. Bxf6 exf6 6. e3 Bd6 7. Bb5
a6 8. Ba4 b5 9. Bb3 O-O 10. Bxd5 b4 11. Bxc6 Ra7 12. Ne4 f5 13. Nxd6 cxd6 14.
O-O Qb6 15. d5 a5 16. Nd4 Rc7 17. c4 Qa6 18. Bb5 Qb7 19. Rc1 Bd7 20. Bxd7 Rxd7
21. Nxf5 Rc7 22. Qg4 g6 23. Nxh6+ Kg7 24. Qh4 Qa6 25. Ng4 Rxc4 26. Qh6+ Kg8 27.
Nf6# 1-0

[Event "East Lansing (Beg/2/14)"]
[Site "?"]
[Date "1995.??.??"]
[Round "?"]
[White "Belill, V."]
[Black "Bourbeau, R."]
[Result "1-0"]
[WhiteElo "1605"]
[BlackElo "1605"]
[PlyCount "83"]
[EventDate "1995.??.??"]

{2/(14)} 1. d4 d5 2. Nc3 e6 3. e4 Nf6 4. exd5 Nxd5 5. Nxd5 Qxd5 6. Nf3 Qa5+ 7.
Bd2 Bb4 8. c3 Bd6 9. Bd3 O-O 10. O-O c5 11. dxc5 Bxc5 12. b4 Bxf2+ 13. Rxf2 Qb6
14. Qe1 a5 15. Be3 Qd8 16. Rd1 Qc7 17. a3 Nd7 18. Qd2 axb4 19. axb4 b6 20. Bf4
e5 21. Be3 Re8 22. Qe1 Bb7 23. Nh4 e4 24. Bb5 Bc6 25. Bxc6 Qxc6 26. Nf5 Nf6 27.
Nd4 Qc4 28. Nf5 Qb3 29. Bxb6 Ra2 30. Rxa2 Qxa2 31. Qg3 g6 32. Nd6 Nh5 33. Qg5
Re6 34. Qd8+ Re8 35. Qxe8+ Kg7 36. Bd4+ Nf6 37. Qxf7+ Qxf7 38. Nxf7 Kxf7 39.
Bxf6 Kxf6 40. b5 e3 41. b6 e2 42. Re1 1-0

[Event "East Lansing (Class DE/2/19)"]
[Site "?"]
[Date "1995.??.??"]
[Round "?"]
[White "Belill, Nathan"]
[Black "Crysler, Jerry"]
[Result "1-0"]
[WhiteElo "1605"]
[BlackElo "1605"]
[PlyCount "81"]
[EventDate "1995.??.??"]

{2/(19)} 1. e4 c5 2. Nf3 d6 3. d4 cxd4 4. Nxd4 Nf6 5. Nc3 e5 6. Nf5 Bxf5 7.
exf5 Be7 8. Bc4 O-O 9. O-O Nc6 10. Nd5 Nd4 11. Qd3 Nxd5 12. Bxd5 Qd7 13. Be4 d5
14. Bf3 Rac8 15. c3 Nxf3+ 16. Qxf3 e4 17. Qf4 Bd6 18. Qg4 Be5 19. f4 exf3 20.
Rxf3 Rc4 21. Bf4 Qe7 22. Re1 Rxf4 23. Rxf4 Bd4+ 24. Kf1 Be5 25. c4 f6 26. cxd5
Qc5 27. Rc4 Qxd5 28. b3 Qd3+ 29. Qe2 Qxf5+ 30. Qf3 Qd7 31. Rd1 Qe7 32. Rdc1 Bb2
33. Qd5+ Kh8 34. R1c2 Be5 35. Rc8 Bd6 36. Rxf8+ Qxf8 37. Qe6 Be7 38. Rc8 Bd8
39. Qd7 h6 40. Rxd8 Qxd8 41. Qxd8+ 1-0

[Event "East Lansing (Class DE/3/15)"]
[Site "?"]
[Date "1995.??.??"]
[Round "?"]
[White "Belill, Nathan"]
[Black "Card, A."]
[Result "0-1"]
[WhiteElo "1605"]
[BlackElo "1605"]
[PlyCount "106"]
[EventDate "1995.??.??"]

{3/(15)} 1. e4 c5 2. Nf3 d6 3. d4 cxd4 4. Nxd4 Nf6 5. Nc3 a6 6. Bc4 e6 7. O-O
Nxe4 8. Nxe4 d5 9. Bxd5 exd5 10. Ng5 Be7 11. Re1 O-O 12. Ngf3 Bg4 13. Qd3 Bxf3
14. Nxf3 Re8 15. Bf4 Nc6 16. a3 Bc5 17. Rad1 Qb6 18. Be3 Bxe3 19. Rxe3 Rxe3 20.
Qxe3 Qxb2 21. Re1 h6 22. Qb3 Qxb3 23. cxb3 d4 24. Rd1 g6 25. Nxd4 Rd8 26. b4
Rxd4 27. Rxd4 Nxd4 28. Kf1 b5 29. Ke1 Nc2+ 30. Kd2 Nxa3 31. Kd3 f5 32. Kd4 Kf7
33. Kc5 Nc2 34. Kb6 Nxb4 35. Kc5 Nd3+ 36. Kd4 Nxf2 37. h3 f4 38. Kc3 f3 39.
gxf3 Nxh3 40. Kd4 Nf4 41. Ke4 b4 42. Kd4 h5 43. Kc4 h4 44. Kxb4 h3 45. Ka5 h2
46. Kxa6 h1=Q 47. Kb6 Qc1 48. Kb5 Qc3 49. Kb6 Nd5+ 50. Kb5 Ke7 51. f4 Kd6 52.
f5 Qc5+ 53. Ka6 Qb6# 0-1

[Event "Lansing (Mini-Swiss.3/2)"]
[Site "?"]
[Date "1995.??.??"]
[Round "?"]
[White "Belill, Nathan"]
[Black "Bacon, K."]
[Result "1-0"]
[WhiteElo "1605"]
[BlackElo "1605"]
[PlyCount "97"]
[EventDate "1995.??.??"]

{3/(2)} 1. e4 c6 2. d4 d5 3. e5 Bf5 4. Nf3 h6 5. Bd3 Bxd3 6. cxd3 e6 7. O-O Ne7
8. Nc3 Nf5 9. Bd2 Be7 10. Qb3 Qc7 11. Rac1 Qd7 12. Ne2 O-O 13. Ng3 Nxg3 14.
fxg3 Na6 15. a3 c5 16. Be3 Rfc8 17. dxc5 Nxc5 18. Qd1 Rc6 19. Rc2 Rac8 20. Rcf2
Rf8 21. b4 b6 22. bxc5 bxc5 23. Nd2 d4 24. Bxh6 f5 25. exf6 Bxf6 26. Qg4 Kh7
27. Bg5 Qe7 28. Qh4+ Kg8 29. Bxf6 gxf6 30. Rxf6 Rcc8 31. Qg4+ Qg7 32. Rg6 Rxf1+
33. Nxf1 Rc7 34. Rxg7+ Rxg7 35. Qxe6+ Rf7 36. Nd2 Kg7 37. Qe5+ Kf8 38. Nf3 Re7
39. Qxc5 Ke8 40. Ng5 Re1+ 41. Kf2 Ra1 42. Qd6 Ra2+ 43. Kf3 Ra1 44. Kg4 Ra2 45.
Ne6 Rxg2 46. Nf8 Rxh2 47. Ng6 Rh7 48. Qe6+ Kd8 49. Qg8+ 1-0

[Event "East Lansing (Class C/5/10)"]
[Site "?"]
[Date "1995.??.??"]
[Round "?"]
[White "Belill, Mike"]
[Black "Quander, K."]
[Result "0-1"]
[WhiteElo "1605"]
[BlackElo "1605"]
[PlyCount "102"]
[EventDate "1995.??.??"]

{5/(10)} 1. e4 e6 2. d4 d5 3. Nd2 Nf6 4. e5 Nfd7 5. f4 c5 6. Ngf3 Nc6 7. c3 Qb6
8. Nb3 Be7 9. Be2 O-O 10. O-O cxd4 11. cxd4 f6 12. Kh1 Qd8 13. Be3 Rf7 14. f5
Nf8 15. fxe6 Bxe6 16. Nc5 Bxc5 17. dxc5 fxe5 18. Bg5 Qc7 19. Rc1 Ng6 20. Qd2
Nge7 21. Bxe7 Qxe7 22. Ng5 Rff8 23. Nxe6 Qxe6 24. Qg5 Rxf1+ 25. Rxf1 Rf8 26.
Rxf8+ Kxf8 27. Bg4 Qf6 28. Qxf6+ gxf6 29. Bc8 b6 30. Bb7 Ne7 31. c6 Ke8 32. c7
Kd7 33. c8=Q+ Nxc8 34. Bxd5 Kd6 35. Be4 h6 36. h4 Ke6 37. g4 Nd6 38. Bc2 Nc4
39. Bf5+ Kd5 40. b3 Ne3 41. Bc8 Ke4 42. Kg1 Kf4 43. g5 fxg5 44. hxg5 hxg5 45.
Kf2 g4 46. Bb7 g3+ 47. Kg1 e4 48. Bc6 Kf3 49. Bb7 Nd1 50. Ba6 Nc3 51. a4 Ne2+
0-1